Sociálne, etické a zdravotné aspekty používania sociálnych sietí žiakmi

Identifikácia vybraných sociálnych, etických a zdravotných aspektov používania sociálnych sietí žiakmi. Empirický prieskum. Pozitíva a negatíva sociálnych sietí.

Enregistré dans:
Détails bibliographiques
Auteur principal: Velichová, Ľudmila
Format: Chapitre de livre
Langue:slovaque
Sujets:
Tags: Ajouter un tag
Pas de tags, Soyez le premier à ajouter un tag!

MARC

LEADER 00000naa$a2200000$$$4500
001 0260109
005 20240502074119.7
041 0 |a slo 
044 |a SK 
245 1 0 |a Sociálne, etické a zdravotné aspekty používania sociálnych sietí žiakmi  |c Ľudmila Velichová 
520 |a Identifikácia vybraných sociálnych, etických a zdravotných aspektov používania sociálnych sietí žiakmi. Empirický prieskum. Pozitíva a negatíva sociálnych sietí. 
610 2 0 |a žiaci 
610 2 0 |a javy sociálne 
610 2 0 |a etika 
610 2 0 |a zdravie 
610 2 0 |a siete sociálne 
100 1 |a Velichová, Ľudmila